| 000 | 02944nam a22003137a 4500 | ||
|---|---|---|---|
| 001 | 8616 | ||
| 003 | FISKH | ||
| 005 | 20251209143833.0 | ||
| 008 | 251002b cb ||||| |||| 00| 0 eng d | ||
| 020 | _a9789996301582 | ||
| 040 |
_aFISKH _bkhr _cFISKH _dFISKH |
||
| 050 | _aPZ7 | ||
| 082 | _aJ398.2452 | ||
| 100 | _aSotheary, Kimsun | ||
| 245 |
_aសត្វខ្លែងនិងអ្នកប្រមាញ់ : _bKites and hunters / _cរៀបរៀងដោយ អ្នកស្រី គឹមស៊ុន សុធារី , កែសម្រួលដោយ លោក ធី ចាន់ថន និង កញ្ញា ហេង ចរិយា |
||
| 260 |
_aPhnom Penh : _bReading Books , _c2012. |
||
| 300 |
_a20 pages : _bcolor illustrations ; _c25 cm . |
||
| 490 | _aពិភពរឿងនិទាន | ||
| 505 | _aJ | ||
| 520 | _aរឿងនេះផ្តោតលើការជីវិតរបស់សត្វព្រៃ ហើយមានគោលបំណងអប់រំមនុស្សទូទៅឲ្យស្រលាញ់សត្វព្រៃទាំងនោះផង ដោយសារថាពួកវាក៏មានគ្រួសារដូចជាយើងដែរ តែគ្រាន់តែពួកវាមិនអាចនិយាយបានប៉ុណ្ណោះ។ ដូច្នេះ ប្រសិនបើយើងមានជីវភាពក្រីក្រ យើងត្រូវខិតខំប្រឹងប្រែងក្នុងការធ្វើកសិកម្ម ដោយមិនគួរការរកស៊ីខុសច្បាប់។ បើយើងចង់អោយសត្វព្រៃនៅស្ថិតស្ថេរបន្ត ទាំងអស់គ្នាត្រូវដាំដើមឈើ និងកុំបំផ្លាញព្រៃឈើ។ ការធ្វើដូច្នេះនឹងធ្វើឲ្យប្រទេសរបស់យើងសម្បូរទៅដោយធនធានធម្មជាតិ។ | ||
| 520 | _aThis story focuses on wild animals' lives and is designed to educate people in general to like such wild animals, for they also have families like us ,but they cannot just speak . Therefore, if we face a poor living standard, we have to put our efforts on farming, but should not earn an illegal livelihood . Thus, if we wish to keep wild animals exsisting, we have to grow trees and don't have to destroy them . Doing so makes our nation rich in natural resources . | ||
| 521 | 8 |
_a500
_bLexile estimate |
|
| 521 | 8 |
_aJ
_bRaz-Plus |
|
| 650 |
_aសត្វខ្លែង និង អ្នកប្រមាញ់ _vរឿងនិទានកុមារ |
||
| 650 |
_aKites and hunters _vChildren's stories |
||
| 700 |
_aYu, Mai _eIllustrator |
||
| 942 |
_2ddc _cKHB _n0 |
||
| 999 |
_c8616 _d8616 |
||